Структура инварных сплавов, полученных спеканием порошков; Перспективные материалы конструкционного и медицинского назначения

Bibliographic Details
Parent link:Перспективные материалы конструкционного и медицинского назначения.— 2018.— [С. 28-29]
Main Author: Абдульменова Е. В.
Corporate Author: Национальный исследовательский Томский политехнический университет Инженерная школа новых производственных технологий Отделение материаловедения
Other Authors: Ваулина О. Ю. Ольга Юрьевна, Кульков С. Н. Сергей Николаевич
Summary:Заглавие с экрана
Language:Russian
Published: 2018
Series:Проблемы надежности материалов
Subjects:
Online Access:http://earchive.tpu.ru/handle/11683/51900
Format: Electronic Book Chapter
KOHA link:https://koha.lib.tpu.ru/cgi-bin/koha/opac-detail.pl?biblionumber=628521

MARC

LEADER 00000naa2a2200000 4500
001 628521
005 20231221112917.0
035 |a (RuTPU)RU\TPU\conf\28770 
035 |a RU\TPU\conf\28767 
090 |a 628521 
100 |a 20181129d2018 k y0rusy50 ca 
101 0 |a rus 
102 |a RU 
105 |a y z 101zy 
135 |a drcn ---uucaa 
181 0 |a i  
182 0 |a b 
200 1 |a Структура инварных сплавов, полученных спеканием порошков  |f Е. В. Абдульменова, О. Ю. Ваулина, С. Н. Кульков 
203 |a Текст  |c электронный 
225 1 |a Проблемы надежности материалов 
300 |a Заглавие с экрана 
320 |a [Библиогр.: с. 29 (7 назв.)] 
463 1 |0 (RuTPU)RU\TPU\conf\28688  |t Перспективные материалы конструкционного и медицинского назначения  |o сборник трудов Международной научно-технической молодежной конференции, г. Томск, 26–30 ноября 2018 г.  |f Национальный исследовательский Томский политехнический университет, Инженерная школа новых производственных технологий ; Российский фонд фундаментальных исследований ; под ред. С. Н. Кулькова [и др.]  |v [С. 28-29]  |d 2018 
610 1 |a труды учёных ТПУ 
610 1 |a электронный ресурс 
610 1 |a структуры 
610 1 |a сплавы 
610 1 |a инварные сплавы 
610 1 |a спекание 
610 1 |a порошки 
610 1 |a тепловые свойства 
610 1 |a промышленные порошки 
610 1 |a неоднородности 
610 1 |a никель 
610 1 |a железо 
700 1 |a Абдульменова  |b Е. В. 
701 1 |a Ваулина  |b О. Ю.  |c специалист в области материаловедения  |c доцент Томского политехнического университета, кандидат технических наук  |f 1978-  |g Ольга Юрьевна  |3 (RuTPU)RU\TPU\pers\31265  |9 15443 
701 1 |a Кульков  |b С. Н.  |c специалист в области материаловедения  |c профессор Томского политехнического университета, доктор физико-математических наук  |f 1952-  |g Сергей Николаевич  |3 (RuTPU)RU\TPU\pers\28994 
712 0 2 |a Национальный исследовательский Томский политехнический университет  |b Инженерная школа новых производственных технологий  |b Отделение материаловедения  |3 (RuTPU)RU\TPU\col\23508 
801 2 |a RU  |b 63413507  |c 20181205  |g RCR 
856 4 |u http://earchive.tpu.ru/handle/11683/51900 
942 |c BK